[Event "Gashimov Memorial 3rd"]
[Site "Shamkir"]
[Date "2016.06.03"]
[Round "8"]
[White "Mamedov, Rauf"]
[Black "Eljanov, Pavel"]
[Result "1/2-1/2"]
[WhiteElo "2655"]
[BlackElo "2765"]
[Annotator "Roiz,M"]
[PlyCount "87"]
[EventDate "2016.05.26"]
[EventType "tourn"]
[EventRounds "9"]
[EventCountry "AZE"]
[EventCategory "20"]
[SourceTitle "CBM 173"]
[Source "ChessBase"]
[SourceDate "2016.07.12"]
[SourceVersion "1"]
[SourceVersionDate "2016.07.12"]
[SourceQuality "1"]

1. e4 c6 2. Nc3 d5 3. Nf3 Bg4 4. h3 Bxf3 5. Qxf3 e6 6. d4 Nf6 7. Bd3 dxe4 8.
Nxe4 Qxd4 {The players are following their previous encounter, where Pavel was
lucky to save half a point. White has a wide choice of tempting possibilities,
but none of them promised White more than sufficient compensation for a pawn.}
9. c3 {A slight surprise.} ({The above-mentioned game between the same players
saw} 9. Be3 Qd8 10. O-O-O Nbd7 11. Bc4 Nxe4 $6 ({The correct move was:} 11...
Qa5 $1 {with an acceptable game.}) 12. Qxe4 Be7 13. Rhe1 O-O 14. Bxe6 $16 {
Mamedov,R - Eljanov,P / Berlin GER 2015}) (9. O-O {was also tried by Rauf
before, but without success:} Nbd7 10. Rd1 Be7 11. Be3 Qb4 12. c3 Qa5 13. b4
Qc7 14. Bf4 e5 15. Bg5 $6 (15. Nxf6+ Bxf6 16. Bg3 $44) 15... Nxe4 16. Bxe7 Kxe7
17. Qxe4 Nf6 $15 {Mamedov,R - Navara,D / Huai'an CHN 2016, and Black was
better.}) 9... Qd8 10. O-O Nxe4 {The exchanges definitely suit Black is such
positions.} ({The following game illustrates the potential danger of lack of
development:} 10... Nbd7 11. Rd1 Ne5 12. Qg3 Nxe4 13. Qxe5 Nf6 14. Bf4 Nd5 15.
Bc4 $36 {Nepomniachtchi - Lintchevski,D / Moscow 2012}) 11. Bxe4 Bd6 $1 $146 {
GM Pavel Eljanov comes up with a natural novelty. Black is ready to give up
the pawn in order to complete development as soon as possible.} (11... Qf6 $6
12. Qg3 e5 13. Qg4 $36 {Kochurov,D - Bachin,V / Samara 2004}) 12. Rd1 Qc7 13.
Qd3 {The queen is misplaced there, but Rauf is happy with grabbing the pawn.} (
13. Bg5 Nd7 14. Rd2 Be5 15. Rad1 Nf6 16. Bc2 h6 17. Bh4 $11) 13... Be5 14. Bxh7
Nd7 15. Be4 ({Most probably,} 15. Bg5 Bf6 16. Bf4 {would force a draw by
repeating the moves:} Be5 (16... Qxf4 17. Qxd7+ Kf8 18. Bc2 {is also close to
equality, but Black still should connect the rooks somehow.}) 17. Bg5 $11)
15... O-O-O {Black's better development fully compensates for White's bishop
pair, so the position is equal.} 16. Qf3 (16. Bg5 Bf6 17. Be3 Nc5 18. Qc4 Nxe4
19. Qxe4 $11) 16... Nf6 17. Bg5 Qa5 18. Bxf6 {This move yields Black a slight
superiority due to a better bishop, but White's position remains very safe.} ({
Still, a more precise move would be:} 18. Rxd8+ Rxd8 19. h4 Rd7 20. Bc2 $11)
18... gxf6 {An ambitious choice - this recapture is connected with some
attacking hopes. Alas, the limited material balance doesn't allow Black to
make any progress.} (18... Bxf6 {would lead to prosaic simplifications:} 19.
Bd3 Rd6 20. Bc4 Rhd8 21. Rxd6 Rxd6 22. Rd1 $11) 19. Rxd8+ Rxd8 20. Qe2 {
Rauf wants to swap one more pair of rooks, but he has to protect the Pa2 first.
} Bc7 21. Bf3 f5 {Pavel is trying to put his opponent under some pressure, but
this optimistic decision could be connected with a pawn sacrifice.} 22. a4 ({
After} 22. Bh5 $5 {Black would have to play precisely:} Qd5 (22... Rd7 $2 23.
Bxf7 Rxf7 24. Qxe6+ Rd7 25. Rd1 $18) 23. Bxf7 Kb8 24. Re1 ({The greedy} 24.
Bxe6 $6 Qd6 25. g3 f4 {is too risky for a human player.}) (24. Qxe6 Qd1+ 25.
Qe1 Qd6 26. Kf1 Bb6 $44 {also yields Black sufficient counterplay.}) 24... Qd6
25. g3 e5 $44) 22... Bb8 23. Kf1 a6 24. Qe3 Bc7 25. Qe2 {A quiet draw offer.}
Kb8 26. Bh5 {Finally White attacks the Pf7, but now it's less effective.} Qc5
27. Rd1 ({Reasonably rejecting} 27. Bxf7 Qd6 28. Qxe6 Qh2 29. Ke2 Qxg2 30. Qxf5
Rf8 {, and White's position looks somewhat shaky.}) 27... Rxd1+ 28. Qxd1 {
The exchange of rooks leaves no winning chances at all.} Qc4+ 29. Be2 Qh4 30.
Qd4 Qxd4 31. cxd4 {The remaining few moves are not of much value.} Bb6 32. Bh5
Kc7 33. Bxf7 Kd6 34. Ke2 Bxd4 35. b3 b5 36. axb5 cxb5 37. g4 Ke7 38. Bg8 fxg4
39. hxg4 a5 40. f4 a4 41. bxa4 bxa4 42. Bh7 a3 43. Bb1 e5 44. fxe5 1/2-1/2

[Event "Gibraltar Masters 15th"]
[Site "Caleta"]
[Date "2017.01.29"]
[Round "6"]
[White "Short, Nigel D"]
[Black "Caruana, Fabiano"]
[Result "1-0"]
[WhiteElo "2675"]
[BlackElo "2827"]
[Annotator "Sumets,A"]
[PlyCount "141"]
[EventDate "2017.01.24"]
[EventType "swiss"]
[EventRounds "10"]
[EventCountry "GGB"]
[SourceTitle "CBM 177"]
[Source "ChessBase"]
[SourceDate "2017.03.16"]
[SourceVersion "1"]
[SourceVersionDate "2017.03.16"]
[SourceQuality "1"]

1. e4 c6 2. Nc3 d5 3. Nf3 Nf6 4. e5 Ne4 5. Ne2 Qb6 6. d4 e6 7. Ng3 c5 8. Bd3
Nc6 $6 $146 {A strange novelty, which should be evaluated as '?' or at least
as "?!'. I think that Fabiano just confused something.} ({Up to the moment
Black is OK after} 8... Nxg3 9. hxg3 cxd4 (9... Nc6 10. c3 cxd4 11. cxd4 Bd7
12. Bb1 Be7 13. O-O Rc8 14. Re1 O-O 15. Bg5 Qxb2 16. Bxe7 Nxe7 17. Bd3 Qa3 18.
Re3 $44 Rc3 $4 19. Qb1 $4 (19. Bxh7+ $1 Kxh7 20. Ng5+ Kg6 (20... Kg8 21. Qh5
Re8 22. Qxf7+ Kh8 23. Qh5+ Kg8 24. Rae1 $18) 21. Qg4 Rxe3 22. Nxe6+ Kh6 23.
Qg5+ Kh7 24. Qxg7#) 19... h6 $15 {Grischuk,A (2785) -Riazantsev,A (2700)
Moscow ch Blitz 2013 0-1 (52)}) 10. g4 (10. a3 $6 Nc6 11. b4 Bd7 12. Bf4 h6 13.
g4 O-O-O 14. O-O (14. g5 $2 hxg5 15. Rxh8 Bxb4+ 16. axb4 Rxh8 17. Bxg5 Rh1+ 18.
Bf1 Nxb4 19. Qd2 (19. Nxd4 Qxd4 $19) 19... Qb5 $19) 14... g5 15. Bg3 Be7 16.
Qd2 Rdg8 17. Be2 h5 $17 {Solak,D (2632)-Eljanov,P (2723) Kocaeli 2014 1/2 (57)}
) 10... Nc6 11. a3 Bd7 12. Kf1 f6 13. Qe2 O-O-O 14. b4 Nxe5 15. Nxe5 fxe5 16.
Qxe5 Bd6 17. Qxg7 Rhg8 18. Qxh7 Rxg4 19. Bd2 e5 $15 {Carlsen,M (2855)-Grischuk,
A (2747) ICC INT 2016 1-0 (43)}) (8... cxd4 {Another line is not reliable for
Black} 9. Nxe4 dxe4 10. Bxe4 Bb4+ 11. Kf1 $6 {White could have continued to
develop his pieces after 11 Bd2!} (11. Bd2 $1 Bxd2+ 12. Qxd2 Qxb2 13. O-O {
White has excellent compensation for a pawn} Nc6 (13... Qc3 14. Qg5 O-O 15. Qh4
h6 $8 16. g4 Qc5 17. g5 Qe7 18. Qg3 $16) 14. Rab1 Qc3 15. Qxc3 dxc3 16. Rfd1
Ke7 17. Bxc6 bxc6 18. Nd4 $16) 11... Nd7 12. Kg1 f6 13. exf6 Nxf6 14. Bd3 O-O
15. Qe2 Bd6 16. Ng5 e5 17. Bc4+ Kh8 18. Nf7+ Rxf7 19. Bxf7 Bg4 $44 {Maximov,D 
(2492)-Goh,W (2451) Budapest 2011 1-0 (31)}) 9. Nxe4 dxe4 10. Bxe4 cxd4 {
This is a typical bad position, which Black can get when playing the French
Defence.} ({Black could have tried to trade the knights:} 10... Nxd4 $5 11. c3
$1 (11. O-O Bd7 $1 (11... Nxf3+ 12. Qxf3 Be7 13. Qg3 $16) 12. c3 Bc6 13. Ng5
Bxe4 14. Nxe4 Nc6 15. Bf4 Rd8 16. Qe2 $14) 11... Nc6 (11... Nxf3+ 12. Qxf3 Be7
13. Qg3 g6 14. Bh6 $16) 12. O-O Bd7 13. Qe2 Be7 14. Rd1 h6 15. Bf4 O-O-O 16. b4
cxb4 17. Be3 Qa5 18. cxb4 $16 {with a very strong attack.}) 11. O-O Bd7 12. a3
{Black's problem is that he has no plan. He can't castle because he will be
mated; he can't try to trade light-squared bishops because he will lose the
d4-pawn.} h6 13. Re1 Rd8 14. h3 {Nigel doesn't need to hurry. In any case,
Black can only wait.} g6 15. b4 Bg7 16. Bf4 ({Nigel could have played} 16. Rb1
{because the consequences of ...Nxe5 are favourable for White:} Nxe5 17. Nxe5
Bxe5 18. Bxg6 Qc7 19. Be4 $16) 16... Ne7 $1 {In order to avoid huge problems,
Fabiano decided to sacrifice a pawn.} ({The consequences of lines such as} 
16... O-O 17. Qd2 g5 18. Bg3 Qc7 19. Bd3 Ne7 20. h4 $1 $18) ({or} 16... g5 17.
Bg3 Bc8 18. Qd3 a6 19. Rad1 $16 {aren't cheerful for Black.}) 17. Qxd4 Qxd4 18.
Nxd4 $16 Ba4 19. Nf3 Nd5 (19... g5 $5 {Black could get some counterplay by
attacking the e5-pawn. After 19.... g5} 20. Bc1 b6 21. c4 O-O 22. Bb2 $16) 20.
Bd2 Bb5 21. Bxd5 $1 {A very strong move. Black can play 21...exd5 or 21....
Rxd5. In both cases his position is lost.} Rxd5 (21... exd5 22. Be3 a6 (22...
b6 23. a4 Bc4 24. a5 bxa5 25. Rxa5 a6 26. Bc5 $18) 23. Bc5 Rc8 24. Nd4 Bd7 25.
Re3 $16) 22. a4 Bd7 $8 (22... Ba6 $4 23. b5 $18) (22... Bc4 $4 23. Re4 $18) 23.
c4 Rd3 24. b5 O-O 25. Re3 $6 (25. Red1 $1 {White wants to get control over the
d-file or to take the second pawn on a7.} Rc8 (25... Rd8 26. Be3 Be8 27. Rxd3
Rxd3 28. Bxa7 $18) 26. Be3 Rxd1+ 27. Rxd1 Be8 28. Bxa7 Rxc4 29. Rd8 Kf8 30. Rb8
$18) 25... Rxe3 26. Bxe3 $16 {White is still much better but Nigel missed a
good possibility to win the game.} Ra8 27. Rd1 Be8 28. Bc5 f5 $5 {It's not
easy to recommend anything to Black.} (28... Rc8 29. Bxa7 Rxc4 30. Rd8 Kf8 31.
Rb8 $18) 29. exf6 Bxf6 30. Bd4 Be7 (30... Kf7 31. Bxf6 Kxf6 32. Kf1 $16 {
White has an extra pawn and a better pawn structure. He should win the endgame.
}) 31. Re1 Bf7 32. Ne5 a6 33. c5 $1 axb5 34. axb5 ({Nigel could have won
immediately after} 34. c6 $1 bxc6 (34... bxa4 35. cxb7 Rb8 36. Rb1 a3 37. Nd7
a2 38. Rb6 $18) 35. Nxc6 Bd6 36. axb5 Ra3 37. Rd1 Bf8 38. Be3 Rb3 39. Rd8 $18)
34... Be8 35. b6 Rd8 36. c6 $5 ({The computer indicates the following line} 36.
Be3 $5 Rd5 (36... g5 37. c6 bxc6 38. b7 Rb8 39. Rb1 c5 40. f3 Bf6 41. Nc4 Bg6
42. Rb3 Bc2 43. Rb6 $18) 37. c6 Rxe5 38. cxb7 Bd6 39. Rc1 $18) 36... bxc6 37.
b7 {Short transforms his advantage into a winning endgame with an extra
exchange. It wasn't easy to understand that Black has no moves after} (37. Bc3
$1 {a very easy move for a computer.} Bf6 38. b7 Rb8 39. Rb1 c5 40. Rb6 $18)
37... Rb8 ({Or} 37... c5 38. Rb1 Rb8 {- game}) 38. Rb1 c5 39. Nd7 (39. Bc3 $1 {
Once again Bc3 leads to an easy victory.} Bd6 40. Nd3 c4 41. Nc5 Bxc5 42. Be5
Ba7 43. Bxb8 Bxb8 44. Rb4 $18) 39... Bxd7 40. Be5 Re8 41. b8=Q Rxb8 42. Rxb8+
Kf7 43. Rh8 {According to the computer, Black has chances to draw.} h5 44. Rh7+
Kf8 $2 ({The last chance was} 44... Ke8 45. Rg7 g5 46. f3 $16 {I think that
White should win the endgame.}) 45. Bd6 $1 Bxd6 46. Rxd7 Be5 47. g3 c4 48. Kf1
{White's king is heading to d3, then Black will have to choose between losing
the c-pawn or g-pawn. In any case his position is lost.} c3 49. Ke2 Ke8 50. Rd1
Ke7 51. Kd3 Bf6 52. Ra1 Kf7 53. Ra7+ Ke8 54. Ke4 $18 Kd8 55. Ra4 Ke7 56. Rc4
Kd7 57. Kd3 Ke7 58. Rc7+ Ke8 59. g4 $1 hxg4 60. hxg4 {If White pushes g5 then
he can even sacrifice an exchange on g7.} Be5 61. Rc5 Bf6 62. g5 $1 Bg7 (62...
Be7 63. Re5 Kd7 64. Kxc3 Kd6 65. Kd4 $18) 63. Rc8+ Kd7 (63... Kf7 64. Rc7+ Kg8
65. Rxg7+ Kxg7 66. Kxc3 Kf8 (66... e5 67. Kc4 Kf7 68. Kd5 e4 69. Kxe4 Ke6 70.
f4 Kd6 71. f5 $18) 67. Kd4 Kf7 68. Ke5 Ke7 69. f4 $18) 64. Rg8 Bd4 65. f3 Be5
66. Rxg6 Kd6 67. Rg8 Ke7 68. Rc8 Bf4 69. Rc5 Bd2 70. Rc7+ Kd6 71. g6 1-0